White paper on international trade 1992 (Summary)

Tallennettuna:
Bibliografiset tiedot
Aineistotyyppi: Kirja
Kieli:Undetermined
Julkaistu: Tokyo Ministry of International Trade and Industry 1992
Aiheet:
Tagit: Lisää tagi
Ei tageja, Lisää ensimmäinen tagi!
Thư viện lưu trữ: Trung tâm Học liệu Trường Đại học Cần Thơ
LEADER 00495nam a2200181Ia 4500
001 CTU_105456
008 210402s9999 xx 000 0 und d
082 |a 382.0952 
082 |b W582/1992 
245 0 |a White paper on international trade 1992 
245 0 |b (Summary) 
260 |a Tokyo 
260 |b Ministry of International Trade and Industry 
260 |c 1992 
650 |a Japan 
650 |x Commerce 
904 |i Tuyến 
980 |a Trung tâm Học liệu Trường Đại học Cần Thơ